00341nam a2200145Ia 4500008004100000020001500041041001200056082001100068100002100079245002800100260002800128300000700156650001500163700001700178221030s9999 xx 000 0 und d a0333905962 aEnglish a105.23 aW. W. S. Bhasker 0aEnglish Through Reading bMacmillanaMumbaic2006 a94 aBB English aN. S. Prabhu